书目信息 |
| 题名: |
嵇康评传
|
|
| 作者: | 童强 著 | |
| 分册: | 上 | |
| 出版信息: | 南京 南京大学出版社 2011.04 |
|
| 页数: | 270页 | |
| 开本: | 23cm | |
| 丛书名: | 中国思想家评传丛书 | |
| 单 册: | ||
| 中图分类: | B235.3 | |
| 科图分类: | ||
| 主题词: | ||
| 电子资源: | ||
| ISBN: | 978-7-305-06006-9 | |
| 000 | 00831nam 2200253 450 | |
| 001 | 012011043859 | |
| 005 | 20111205134330.89 | |
| 010 | @a978-7-305-06006-9@dCNY36.00 | |
| 100 | @a20111205d2011 em y0chiy0120 ea | |
| 101 | 0 | @achi |
| 102 | @aCN@b320000 | |
| 105 | @ac z 000yb | |
| 106 | @ar | |
| 200 | 1 | @a嵇康评传@Aji kang ping chuan@h上@f童强著@Ftong qiang zhu |
| 210 | @a南京@c南京大学出版社@d2011.04 | |
| 215 | @a270页@c肖像@d23cm | |
| 225 | 2 | @a中国思想家评传丛书@Azhong guo si xiang jia ping chuan cong shu |
| 330 | @a本书主要研究三国曹魏时期思想家嵇康的生平、创作及思想,总结其在思想史上的重要贡献。 | |
| 410 | 0 | @12001 @a中国思想家评传丛书 |
| 600 | 0 | @a嵇康,@Aji kang@f224-263@x评传 |
| 690 | @aB235.3@v4 | |
| 701 | 0 | @a童强@Atong qiang@4著 |
| 801 | 0 | @aCN@bQSSK@c20111205 |
| 905 | @b795775@dB235.3@eJ052:1@f1 | |
| 嵇康评传.上/童强著.-南京:南京大学出版社,2011.04 |
| 270页:肖像;23cm.-(中国思想家评传丛书) |
| ISBN 978-7-305-06006-9:CNY36.00 |
| 本书主要研究三国曹魏时期思想家嵇康的生平、创作及思想,总结其在思想史上的重要贡献。 |
| ● |
| 相关链接 |
|
|
|
正题名:嵇康评传
索取号:B235.3/J052:1
 
预约/预借
| 序号 | 登录号 | 条形码 | 馆藏地/架位号 | 状态 | 备注 |
| 1 | 795775 | 207957754 | 社科库509/509社科库 14排3列4层/ [索取号:B235.3/J052:1] | 在馆 |